Otázky projektovania a realizácie automatizovaného systému slovenskej národnej bibliografie

Salvato in:
Dettagli Bibliografici
Altri autori: Slížová, Daniela
Natura: Libro
Lingua:slovacco
Pubblicazione: Martin Matica slovenská 1980
Serie:Teória a výskum knihovníctva a bibliografie, výskumy č. 25
Tags: Aggiungi Tag
Nessun Tag, puoi essere il primo ad aggiungerne!!

MARC

LEADER 00000nam a2200000 4500
001 0214864
005 20240109105436.9
041 0 |a slo 
044 |a SK 
245 1 0 |a Otázky projektovania a realizácie automatizovaného systému slovenskej národnej bibliografie  |c zost. Daniela Slížová 
264 1 |a Martin  |b Matica slovenská  |c 1980 
300 |a 98 s. 
490 1 |a Teória a výskum knihovníctva a bibliografie, výskumy č. 25 
830 0 |a Teória a výskum knihovníctva a bibliografie, výskumy č. 25 
700 1 |a Slížová, Daniela